00529nam a2200145 a 450000100100000000500170001000800410002702000150006804000250008310000200010824501640012826000450029230000250033750000210036200004171820201002035721.0131016s1997 sp a 001 0 spa d a8422671581 aDO-SdBNPbspacBNPHU1 aStewart, Robert10aIdeas que transformaron el mundo :buna guía para comprender los grandes conceptos en arte, filosofía, política, ciencia y humanidades /cRobert Stewart. aBarcelona :bCirculo de lectores,c1997. a224 p. :bil. ;c30. aIncluye índice